Master Your Time Master Your Life (Record no. 344738)

MARC details
000 -LEADER
fixed length control field 00518nam a2200169Ia 4500
008 - FIXED-LENGTH DATA ELEMENTS--GENERAL INFORMATION
fixed length control field 230718s9999 xx 000 0 und d
020 ## - INTERNATIONAL STANDARD BOOK NUMBER
International Standard Book Number 9780143132028
041 ## - LANGUAGE CODE
Language code of text/sound track or separate title eng
082 ## - DEWEY DECIMAL CLASSIFICATION NUMBER
Classification number 650.1
Item number TRA
100 ## - MAIN ENTRY--PERSONAL NAME
Personal name Tracy B.
245 ## - TITLE STATEMENT
Title Master Your Time Master Your Life
Remainder of title The Breakthrough System To Get More Results, Faster, In Every Area Of Your Life
260 ## - PUBLICATION, DISTRIBUTION, ETC. (IMPRINT)
Date of publication, distribution, etc. 2016
Name of publisher, distributor, etc. Tarcher Perigee
300 ## - PHYSICAL DESCRIPTION
Extent 226
365 ## - TRADE PRICE
Currency code Rs.
Price amount 250.00
700 ## - ADDED ENTRY--PERSONAL NAME
Personal name Tracy B.
906 ## - LOCAL DATA ELEMENT F, LDF (RLIN)
d O:0554413-Jun-2017B:320204-May-2017
c GENRL
b 55
Holdings
Withdrawn status Lost status Damaged status Not for loan Home library Current library Date acquired Vendor Budget Code Cost, normal purchase price Bill number Total Checkouts Full call number Barcode Date last seen Discount Cost, replacement price Bill Date Koha item type Original Barcode
        Cummins College of Engineering for Women Pune Cummins College of Engineering for Women Pune 13/06/2017 Technical Book Services GENRL 195.00 3202   650.1 CCEP-BK-55945 18/07/2023 55 250.00 04/05/2017 Books 055945